Statistiques concernant Culture Générale - Série 2300

Cliquez ici pour prendre le quiz!

Statistiques générales

  • Ce quiz a été pris 127 fois
  • Le résultat moyen est 5 sur 10

Statistiques - réponses

QuestionRéponse% Correct
Ce mot désigne "un insecte des maisons" - "un signe astrologique" - "un tropique"capricorne
93%
Dans quel pays se trouve la ville d'Ushuaïa ?Argentine
75%
Au Moyen Âge comment appelait-on l'impôt indirect sur le sel ?gabelle
68%
Dans la mythologie grecque, comment s'appelle le dieu de de la vigne, du vin et de ses excès, de la folie et de la démesure.?Dionysos
65%
Le fin canal qui relie la partie supérieure de la gorge (pharynx) à l'oreille moyenne s'appelle "la trompe d'...Eustache
65%
Quel est le prénom de l'actrice américaine Zellweger ? voir photoRenée
53%
Dans quel sport doit-on placer les pierres le plus près de la maison ?curling
52%
Quel pays a gagné la coupe du monde de football féminin en 2011 ?Japon
42%
Dans le film "Bone Collector" réalisé en 1999 par Phillip Noyce , quelle actrice est la partenaire de Denzel Washington ? prénom et nomAngelina Jolie
9%
Qui était la voix française de Peter Falk dans la série "Columbo" ? prénom et nomSerge Sauvion
3%

Distribution des résultats

Percentile par nombre de réponses

% des personnes avec chaque résultat

Votre développement - résultats

Vous n’avez pas pris ce quiz